| 000 | 00585cam a2200217 a 4500 | ||
|---|---|---|---|
| 020 | _a0669095680 | ||
| 040 | _cDLC | ||
| 082 | 0 | 0 | _a515 D.C.H 1986 A062 Or. |
| 100 | 1 | _aLarson, Ron, | |
| 245 | 1 | 0 | _aCalculus with analytic geometry / |
| 250 | _a3rd ed. | ||
| 260 |
_aLexington, Mass. : _bD.C. Heath, _cc1986. |
||
| 300 |
_axix, 1013, 174 p. : _bill. (some col.) ; _c27 cm. |
||
| 500 | _aSpine title: Calculus. | ||
| 500 | _aIncludes index. | ||
| 650 | 0 | _aCalculus. | |
| 650 | 0 | _aGeometry, Analytic. | |
| 700 | 1 | _aHostetler, Robert P. | |
| 700 | 1 | _aHeyd, David E. | |
| 942 | _cEK | ||
| 999 |
_c15374 _d15374 |
||